000 00351nam a2200169Ia 4500
100 _aSULLIVAN/JAMES.E.
650 _aPHILOPSOPHY
942 _cBK
366 _f25
654 _aLISTNER
245 _aGOOD LISTNER
260 _bBETTER YOURSELF BOOK
_aBandra
_c2000
082 _a170/SUL
_bSUL
300 _a154
546 _aENGLISH
999 _c28437
_d28437